| 000 | 00726nam a22002537a 4500 | ||
|---|---|---|---|
| 003 | OSt | ||
| 005 | 20140310184523.0 | ||
| 008 | 131017t xxu||||| |||| 00| 0 eng d | ||
| 020 | _a9780439520102 | ||
| 020 | _a043952010X | ||
| 050 |
_aB 128.C8 _b.F73 2002 |
||
| 100 |
_aFreedman, Russel. _929962 |
||
| 245 |
_aConfucius : _bthe golden rule / _cby Russel Freedman ; illustrated by Frederic Clement |
||
| 260 |
_aNew York : _bScholastic Inc., _c2003. |
||
| 300 |
_a48 p. : _bcol. ill. ; _c25 cm. |
||
| 521 | _aG12 | ||
| 526 | _c1080 | ||
| 650 |
_aConfucius _xJuvenile Literature _929984 |
||
| 650 |
_aPhilosophers. _929985 |
||
| 942 |
_2lcc _cBK-SCHOLAS |
||
| 999 |
_c35071 _d35071 |
||